Immunity challenge (Record no. 68328)

MARC details
000 -LEADER
fixed length control field 01798cam a2200313 4500
001 - CONTROL NUMBER
control field ABS64582|?UNAUTHORIZED
008 - FIXED-LENGTH DATA ELEMENTS--GENERAL INFORMATION
fixed length control field 010921n2001 000 0 eng u
035 ## - SYSTEM CONTROL NUMBER
System control number (Sirsi) u114679
100 ## - MAIN ENTRY--PERSONAL NAME
Personal name Wells, M.
245 ## - TITLE STATEMENT
Title Immunity challenge
260 ## - PUBLICATION, DISTRIBUTION, ETC.
Date of publication, distribution, etc. 2001
490 ## - SERIES STATEMENT
Series statement Property Week
Volume/sequential designation 66(37) 14 September 2001, 110-111(2)
520 ## - SUMMARY, ETC.
Summary, etc. Considers how much immunity a local authority has from liability for any damage caused by the planning decisions it takes. Confirms that a neighbour who is inconvenienced by a development with planning permission has no redress against a local authority. However, notes that in certain circumstances a planning authority may incur a private law liability for loss caused as a result of a planning decision. A planning authority may also, in some circumstances, place itself under a common law duty of care. Discusses "Kane v New Forest D C", which illustrates that a planning authority can be held liable in negligence in the exercise of its development control powers, if that action results in the creation of a source of danger. Full copy of judgment available at: http://porch.ccta.gov.uk/courtser/judgements.nsf/Search/DFBF1E5C129FABEC80256A73003D60E6?OpenDocument
590 ## - LOCAL NOTE (RLIN)
Local note ABS
650 ## - SUBJECT ADDED ENTRY--TOPICAL TERM
Topical term or geographic name entry element LOCAL PLANNING AUTHORITIES
650 ## - SUBJECT ADDED ENTRY--TOPICAL TERM
Topical term or geographic name entry element LIABILITY
650 ## - SUBJECT ADDED ENTRY--TOPICAL TERM
Topical term or geographic name entry element PLANNING DECISIONS
650 ## - SUBJECT ADDED ENTRY--TOPICAL TERM
Topical term or geographic name entry element DANGER
650 ## - SUBJECT ADDED ENTRY--TOPICAL TERM
Topical term or geographic name entry element DUTY OF CARE
650 ## - SUBJECT ADDED ENTRY--TOPICAL TERM
Topical term or geographic name entry element NEGLIGENCE
650 ## - SUBJECT ADDED ENTRY--TOPICAL TERM
Topical term or geographic name entry element KANE V NEW FOREST DC
650 ## - SUBJECT ADDED ENTRY--TOPICAL TERM
Topical term or geographic name entry element SLOUGH ESTATES V WELWYN HATFIELD DC
650 ## - SUBJECT ADDED ENTRY--TOPICAL TERM
Topical term or geographic name entry element IMMUNITY
650 ## - SUBJECT ADDED ENTRY--TOPICAL TERM
Topical term or geographic name entry element CASE LAW
690 ## - LOCAL SUBJECT ADDED ENTRY--TOPICAL TERM (OCLC, RLIN)
Topical term or geographic name as entry element ENVIRONMENTAL AND LAND CONSULTANCY-PLANNING AND DEVELOPMENT
700 ## - ADDED ENTRY--PERSONAL NAME
Personal name Harwood, S.
856 ## - ELECTRONIC LOCATION AND ACCESS
Uniform Resource Identifier <a href="https://porch.ccta.gov.uk/courtser/judgements.nsf/Search/DFBF1E5C129FABEC80256A73003D60E6?OpenDocument">https://porch.ccta.gov.uk/courtser/judgements.nsf/Search/DFBF1E5C129FABEC80256A73003D60E6?OpenDocument</a>
942 ## - ADDED ENTRY ELEMENTS (KOHA)
Suppress in OPAC 0
Holdings
Withdrawn status Lost status Source of classification or shelving scheme Damaged status Not for loan Home library Current library Shelving location Date acquired Total Checkouts Full call number Barcode Date last seen Copy number Price effective from Koha item type
    Dewey Decimal Classification     London London Journal article 21/09/2001   ABS64582 114679-1001 06/08/2019 1 06/08/2019 Journal article